000 00649cam a22002291 4500
001 sa 68006031
003 DLC
005 20260227112513.0
008 710915m19629999ii a b 000 0 eng
010 _asa 68006031 //r953
025 _aPL480:I-E-2888
040 _aDLC
_cDLC
_dDLC
050 0 0 _aLB1028
_b.N28
110 2 0 _aNational Council of Educational Research and Training (India)
245 1 0 _aEducational studies and investigations.
260 1 _a[Delhi]
_c1962-
300 _av.
_billus.
_c25 cm.
350 _aRs10
410 2 1 _aIts
_tPublication
_vno. 565
504 _aBibliographical footnotes.
650 0 _aEducation
_xResearch.
999 _c81082
_d81082